header

Why planning does not work? (Record no. 138442)

MARC details
000 -LEADER
fixed length control field 01375nam a2200313Ia 4500
100 1# - MAIN ENTRY--AUTHOR NAME
Personal name Nnkya, Tumsifu Jonas.
245 10 - TITLE STATEMENT
Title Why planning does not work?
260 ## - PUBLICATION, DISTRIBUTION, ETC. (IMPRINT)
Place of publication Dar Es Salaam, Tanzania :
Name of publisher Mkuki Na Nyota Publishers ;
Place of publication East Lansing, MI :
Name of publisher Distributed in North America by Michigan State University Press,
Year of publication 2007.
300 ## - PHYSICAL DESCRIPTION
Number of Pages ix, 346 p. :
Other physical details ill., maps.
650 #0 - SUBJECT ADDED ENTRY--TOPICAL TERM
Topical Term Land use
Topical Term Land tenure
Topical Term Land use
Topical Term Right of property
856 40 - ELECTRONIC LOCATION AND ACCESS
Uniform Resource Identifier http://site.ebrary.com/lib/rucke/Doc?id=10449892

No items available.

© 2026 Rongo University
Contact us: librarian | system librarian | Rongo university